000
00208 a2200097 4500
001
82770
090
_c
39987
_d
39987
100
_a
Saarlas, Maido
245
_a
Aircraft performance;
260
_a
NJ
_b
John Wiley, NJ
_c
2007
942
_a
NUST-CAE
999
_c
317843
_d
317843